banner koha

Anatomia foliar e caulinar de Picrolemma sprucei Hook (Simaroubaceae) (Registro n. 179159)

MARC details
000 -LÍDER
campo de controle de tamanho fixo 00893nas a2200313 4500
001 - NÚMERO DE CONTROLE
campo de controle BR0402920
003 - IDENTIFICADOR DO NÚMERO DE CONTROLE
campo de controle BR-BrBNA
005 - DATA E HORÁRIO DA ÚLTIMA TRANSAÇÃO
campo de controle 20231205104647.0
007 - CAMPO FIXO DE DESCRIÇÃO FÍSICA--INFORMAÇÃO GERAL
campo de controle de tamanho fixo ta
008 - CAMPO DE DADOS FIXOS--INFORMAÇÃO GERAL
campo de controle de tamanho fixo 230509b bl.|||p| |||| 00| 00por d
040 ## - FONTE DA CATALOGAÇÃO
Instituição da catalogação original BR-BrBNA
Idioma da catalogação por
Instituição que transcreveu o registro Biblioteca Nacional de Agricultura
041 ## - CÓDIGO DE IDIOMA
Código do idioma do texto/trilha sonora ou título diferente (Pt)
072 ## - CÓDIGO DE CATEGORIA DE ASSUNTO
Código de Categoria de Assunto F50
100 1# - ENTRADA PRINCIPAL--NOME PESSOAL
Nome pessoal Saraiva, R. de C.G.
100 1# - ENTRADA PRINCIPAL--NOME PESSOAL
Nome pessoal Barreto, A. de S.
100 1# - ENTRADA PRINCIPAL--NOME PESSOAL
Nome pessoal Siani, A.C.
100 1# - ENTRADA PRINCIPAL--NOME PESSOAL
Nome pessoal Ferreira, J.L.P.
100 1# - ENTRADA PRINCIPAL--NOME PESSOAL
Nome pessoal Araujo, R.B. de
100 1# - ENTRADA PRINCIPAL--NOME PESSOAL
Nome pessoal Nunomura, S.M.
100 1# - ENTRADA PRINCIPAL--NOME PESSOAL
Nome pessoal Pohlit, A.M.
245 1# - TÍTULO
Título Anatomia foliar e caulinar de Picrolemma sprucei Hook (Simaroubaceae)
650 ## - ASSUNTO--TERMO TÓPICO
Cabeçalho tópico ou nome geográfico RUTACEAE
650 ## - ASSUNTO--TERMO TÓPICO
Cabeçalho tópico ou nome geográfico ANATOMIA VEGETAL
650 ## - ASSUNTO--TERMO TÓPICO
Cabeçalho tópico ou nome geográfico FOLHA
650 ## - ASSUNTO--TERMO TÓPICO
Cabeçalho tópico ou nome geográfico CAULE
773 0# - ENTRADA ANALÍTICA
Título Acta Amazônica (Brazil)
ISSN - International Standard Serial Number ISSN 0044-5967
Partes relacionadas (Apr-Jun 2003), v. 33(2) p. 213-219
Número de controle do registro BR0402920
909 ## -
-- 202311
-- Lúcia
-- 55
-- Lúcia Elande
942 ## - ELEMENTOS DE ENTRADA ADICIONADOS (KOHA)
Fonte da classificação ou esquema de arquivamento na estante Classificação AGRIS
Ocultar no OPAC Não
Tipo de material Koha Analítica
Exemplares
Situação do descarte Fonte da classificação ou esquema de arquivamento na estante Situação física Não pode ser emprestado Biblioteca de origem Biblioteca atual Localização na estante Enumeração do periódico / cronologia Total de empréstimos Data de último acesso Número do exemplar Tipo de material Koha Fonte de aquisição
  Classificação AGRIS   Consulta local Biblioteca Nacional de Agricultura - Binagri Biblioteca Nacional de Agricultura - Binagri   (Apr-Jun 2003), v. 33(2) p. 213-219   29/11/2023 01 Periódicos Portaria Interministerial nº 164/94

BINAGRI

Telefone: (61)3218-2567/2388/3357/2097 - binagri@agro.gov.br

Ministério da Agricultura e Pecuária , Esplanada dos Ministérios, Bloco D, Anexo B, Brasília/DF, CEP: 70.043-900